00454nam a2200121Ia 45000010005000000080041000050820022000461000156000682450042002242600024002669010027002909990015003173108241024s9999 xx 000 0 und d aRD/375/R426j/2013 aRepública Dominicana. Ministerio de Educación. Vice Ministerio de Servicios Técnicos y Pedagógicos. Dirección General de Educación Básica 0aJornada de capacitación Verano 2013 bSanto Domingoc2013 a1/8/2013 12:24:22 p.m. c8403d8403